000 00232nam a2200097Ia 4500
008 230915s9999 xx 000 0 und d
050 _aHF5635 .N44 1992
100 _aBELVERD E. NEEDLES
245 0 _aFINANCIAL ACCOUNTING
942 _cBK
999 _c82284
_d82284